000 00280nam a22001337a 4500
008 171129b xxu||||| |||| 00| 0 eng d
020 _a9780874367676
041 _aeng
080 _a030
100 _a23
101 _aENC
245 _aGROWING UP
_cBROUDE,G.J
942 _2udc
_cBK
999 _c38620
_d38620